[Event "Scandicserien-2015/16"]
[Site "Oslo"]
[Date "2016.03.06"]
[Round "9.10"]
[White "Romsdal, Trond"]
[Black "Holleland, Sigve"]
[Result "1-0"]
[BlackElo "2022"]
[WhiteElo "2174"]
[WhiteTeam "Tromsø"]
[BlackTeam "Sotra"]
[LiveChessVersion "1.4.6"]

1. Nf3 {[%clk 1:30:54]} d5 {[%clk 1:30:46]} 2. d4 {[%clk 1:31:16]} Nf6
{[%clk 1:31:04]} 3. g3 {[%clk 1:31:28]} Bf5 {[%clk 1:30:55]} 4. Bg2
{[%clk 1:31:39]} e6 {[%clk 1:31:04]} 5. O-O {[%clk 1:32:00]} Bd6 {[%clk 1:31:11]}
6. c4 {[%clk 1:31:24]} c6 {[%clk 1:31:20]} 7. Qb3 {[%clk 1:30:46]} Qc8
{[%clk 1:28:07]} 8. Nc3 {[%clk 1:28:44]} h6 {[%clk 1:26:05]} 9. Bf4
{[%clk 1:25:48]} Bxf4 {[%clk 1:25:18]} 10. gxf4 {[%clk 1:26:12]} Nbd7
{[%clk 1:24:01]} 11. Rac1 {[%clk 1:23:18]} Nb6 {[%clk 1:21:16]} 12. Ne5
{[%clk 1:23:40]} O-O {[%clk 1:19:49]} 13. a4 {[%clk 1:20:00]} Ne4
{[%clk 1:09:13]} 14. Nxe4 {[%clk 1:15:10]} dxe4 {[%clk 1:07:48]} 15. a5
{[%clk 1:13:37]} Nd7 {[%clk 1:07:40]} 16. Nxd7 {[%clk 1:13:03]} Qxd7
{[%clk 1:08:04]} 17. Qe3 {[%clk 1:13:22]} c5 {[%clk 1:05:46]} 18. dxc5
{[%clk 1:13:06]} Qa4 {[%clk 1:05:50]} 19. Qc3 {[%clk 1:12:29]} Rfd8
{[%clk 1:02:16]} 20. b4 {[%clk 1:09:05]} Rd7 {[%clk 1:02:17]} 21. Ra1
{[%clk 1:08:52]} Qc6 {[%clk 1:02:27]} 22. Qe3 {[%clk 1:06:55]} Rad8
{[%clk 1:01:11]} 23. b5 {[%clk 1:06:57]} Qc7 {[%clk 1:01:32]} 24. a6
{[%clk 1:07:11]} bxa6 {[%clk 0:53:11]} 25. Rxa6 {[%clk 1:05:02]} Rd4
{[%clk 0:53:33]} 26. c6 {[%clk 1:04:09]} Rxc4 {[%clk 0:50:03]} 27. Rxa7
{[%clk 1:02:51]} Qb8 {[%clk 0:49:51]} 28. Rb7 {[%clk 1:02:37]} Qd6
{[%clk 0:49:19]} 29. h3 {[%clk 0:53:34]} Ra8 {[%clk 0:44:24]} 30. Qb3
{[%clk 0:51:17]} Rc5 {[%clk 0:39:59]} 31. Rd1 {[%clk 0:50:44]} Qxf4
{[%clk 0:40:10]} 32. Qg3 {[%clk 0:51:05]} e5 {[%clk 0:37:51]} 33. Qxf4
{[%clk 0:51:21]} exf4 {[%clk 0:38:14]} 34. c7 {[%clk 0:51:39]} Ra5
{[%clk 0:36:55]} 35. b6 {[%clk 0:50:57]} Ra2 {[%clk 0:37:00]} 36. Rb8+
{[%clk 0:49:37]} Kh7 {[%clk 0:37:24]} 37. b7 {[%clk 0:47:29]} Rxc7
{[%clk 0:36:03]} 38. Rh8+ {[%clk 0:47:51]} Kxh8 {[%clk 0:36:28]} 39. b8=Q+
{[%clk 0:48:13]} Rc8 {[%clk 0:36:52]} 40. Qxf4 {[%clk 0:42:52]} Be6
{[%clk 0:37:14]} 41. Qxe4 {[%clk 0:42:38]} g6 {[%clk 0:37:30]} 42. Qe5+
{[%clk 0:42:20]} Kh7 {[%clk 0:37:47]} 43. e3 {[%clk 0:42:34]} Re2
{[%clk 0:37:21]} 44. Qf6 {[%clk 0:42:28]} Rg8 {[%clk 0:36:58]} 45. h4
{[%clk 0:40:30]} h5 {[%clk 0:37:10]} 46. Bd5 {[%clk 0:39:57]} Bxd5
{[%clk 0:37:17]} 47. Rxd5 {[%clk 0:40:09]} Rg7 {[%clk 0:37:35]} 48. Rd7
{[%clk 0:40:12]} Kg8 {[%clk 0:37:59]} 49. Qd8+ {[%clk 0:40:37]} Kh7
{[%clk 0:38:23]} 50. Qf8 {[%clk 0:41:03]} 1-0

[Event "Scandicserien-2015/16"]
[Site "Oslo"]
[Date "2016.03.06"]
[Round "9.11"]
[White "Riisem, Oyvind"]
[Black "Machlik, Endre"]
[Result "1-0"]
[BlackElo "2035"]
[WhiteElo "2112"]
[WhiteTeam "Sotra"]
[BlackTeam "Tromsø"]
[LiveChessVersion "1.4.6"]

1. d4 {[%clk 1:30:55]} Nf6 {[%clk 1:30:54]} 2. c4 {[%clk 1:31:11]} e6
{[%clk 1:31:15]} 3. Nc3 {[%clk 1:31:36]} Bb4 {[%clk 1:31:34]} 4. e3
{[%clk 1:31:28]} Ne4 {[%clk 1:27:35]} 5. Qc2 {[%clk 1:27:39]} f5 {[%clk 1:26:46]}
6. Bd3 {[%clk 1:24:37]} O-O {[%clk 1:17:44]} 7. Nf3 {[%clk 1:18:05]} b6
{[%clk 1:01:40]} 8. O-O {[%clk 1:11:52]} Bxc3 {[%clk 0:56:46]} 9. bxc3
{[%clk 1:12:14]} Bb7 {[%clk 0:57:07]} 10. Nd2 {[%clk 1:05:50]} Qh4
{[%clk 0:52:33]} 11. f3 {[%clk 0:56:35]} Nf6 {[%clk 0:34:17]} 12. e4
{[%clk 0:50:00]} g6 {[%clk 0:25:48]} 13. c5 {[%clk 0:34:32]} Nc6 {[%clk 0:19:09]}
14. Ba3 {[%clk 0:28:36]} Rf7 {[%clk 0:19:08]} 15. Rae1 {[%clk 0:23:51]} fxe4
{[%clk 0:14:03]} 16. fxe4 {[%clk 0:21:04]} bxc5 {[%clk 0:01:31]} 17. Bxc5
{[%clk 0:15:21]} Qh6 {[%clk 0:01:49]} 18. Nf3 {[%clk 0:11:30]} Nh5
{[%clk 0:01:20]} 19. d5 {[%clk 0:10:52]} Nd8 20. Be3 {[%clk 0:09:35]} Qf8
{[%clk 0:00:34]} 21. Ne5 {[%clk 0:08:11]} Rxf1+ {[%clk 0:00:36]} 22. Rxf1
{[%clk 0:08:39]} Qe7 {[%clk 0:00:46]} 23. Ng4 {[%clk 0:06:11]} Nf7
{[%clk 0:00:37]} 24. e5 {[%clk 0:04:14]} Bxd5 {[%clk 0:00:36]} 25. Bxg6
{[%clk 0:04:10]} hxg6 1-0

[Event "Scandicserien-2015/16"]
[Site "Oslo"]
[Date "2016.03.06"]
[Round "9.12"]
[White "Grundekjon, Christian"]
[Black "Flaten, Roar E."]
[Result "1-0"]
[BlackElo "2000"]
[WhiteElo "2064"]
[WhiteTeam "Tromsø"]
[BlackTeam "Sotra"]
[LiveChessVersion "1.4.6"]

1. e4 {[%clk 1:30:55]} c6 {[%clk 1:30:39]} 2. Nc3 {[%clk 1:29:48]} d5
{[%clk 1:30:49]} 3. Nf3 {[%clk 1:30:06]} dxe4 {[%clk 1:30:47]} 4. Nxe4
{[%clk 1:30:08]} Nf6 {[%clk 1:30:51]} 5. Ng3 {[%clk 1:28:06]} e6 {[%clk 1:26:21]}
6. d4 {[%clk 1:26:45]} c5 {[%clk 1:24:47]} 7. Be3 {[%clk 1:11:02]} Qb6
{[%clk 1:17:56]} 8. Bd3 {[%clk 0:58:00]} Nbd7 {[%clk 1:03:34]} 9. O-O
{[%clk 0:56:19]} cxd4 {[%clk 0:53:17]} 10. Bxd4 {[%clk 0:53:56]} Bc5
{[%clk 0:51:01]} 11. Bc3 {[%clk 0:53:38]} O-O {[%clk 0:48:28]} 12. Ne4
{[%clk 0:50:18]} Be7 {[%clk 0:46:40]} 13. Re1 {[%clk 0:36:58]} Rd8
{[%clk 0:40:17]} 14. Qe2 {[%clk 0:35:39]} Nf8 {[%clk 0:38:26]} 15. Nxf6+
{[%clk 0:34:24]} Bxf6 {[%clk 0:38:45]} 16. Bxf6 {[%clk 0:29:15]} gxf6
{[%clk 0:38:14]} 17. Rad1 {[%clk 0:28:02]} Kg7 {[%clk 0:33:01]} 18. c3
{[%clk 0:28:07]} Ng6 {[%clk 0:32:29]} 19. Bb1 {[%clk 0:22:49]} e5
{[%clk 0:31:51]} 20. Rxd8 {[%clk 0:20:11]} Qxd8 {[%clk 0:32:15]} 21. Rd1
{[%clk 0:20:12]} Qb6 {[%clk 0:30:17]} 22. h3 {[%clk 0:13:30]} Be6
{[%clk 0:28:44]} 23. b3 {[%clk 0:12:58]} Rd8 {[%clk 0:26:51]} 24. c4
{[%clk 0:11:54]} Nf4 {[%clk 0:24:39]} 25. Qc2 {[%clk 0:11:39]} Rxd1+
{[%clk 0:24:36]} 26. Qxd1 {[%clk 0:11:55]} Qc6 {[%clk 0:23:38]} 27. Nh4
{[%clk 0:08:27]} b5 {[%clk 0:16:17]} 28. cxb5 {[%clk 0:08:11]} Qxb5
{[%clk 0:16:07]} 29. Nf5+ {[%clk 0:05:55]} Bxf5 {[%clk 0:13:41]} 30. Bxf5
{[%clk 0:06:18]} Ne2+ {[%clk 0:13:40]} 31. Kh1 {[%clk 0:05:54]} Nd4
{[%clk 0:12:19]} 32. Bd3 {[%clk 0:06:02]} Qa5 {[%clk 0:10:05]} 33. Qg4+
{[%clk 0:04:49]} Kf8 {[%clk 0:10:23]} 34. Qc8+ {[%clk 0:04:01]} Kg7
{[%clk 0:10:37]} 35. Qg4+ {[%clk 0:03:30]} Kf8 {[%clk 0:09:57]} 36. Qc8+
{[%clk 0:03:54]} Ke7 {[%clk 0:08:16]} 37. Qb7+ {[%clk 0:04:07]} Kd6
{[%clk 0:06:59]} 38. Qb8+ {[%clk 0:04:19]} Kc5 {[%clk 0:07:00]} 39. b4+
{[%clk 0:04:36]} Qxb4 {[%clk 0:06:52]} 40. Qf8+ {[%clk 0:05:01]} 1-0

[Event "Scandicserien-2015/16"]
[Site "Oslo"]
[Date "2016.03.06"]
[Round "9.13"]
[White "Hammer, Jon Ludvig"]
[Black "Ragger, Markus"]
[Result "0-1"]
[BlackElo "2687"]
[WhiteElo "2680"]
[WhiteTeam "OSS"]
[BlackTeam "Vålerenga"]
[LiveChessVersion "1.4.6"]

1. e4 {[%clk 1:30:57]} c5 {[%clk 1:30:54]} 2. Nf3 {[%clk 1:31:20]} d6
{[%clk 1:31:21]} 3. d4 {[%clk 1:31:41]} cxd4 {[%clk 1:31:46]} 4. Nxd4
{[%clk 1:31:33]} Nf6 {[%clk 1:32:13]} 5. Nc3 {[%clk 1:32:22]} a6 {[%clk 1:32:40]}
6. g3 {[%clk 1:32:41]} e5 {[%clk 1:32:51]} 7. Nde2 {[%clk 1:33:02]} Be7
{[%clk 1:31:08]} 8. Bg2 {[%clk 1:33:09]} b5 {[%clk 1:31:03]} 9. Nd5
{[%clk 1:32:42]} Nbd7 {[%clk 1:31:05]} 10. Nec3 {[%clk 1:32:52]} Nb6
{[%clk 1:30:45]} 11. Nxb6 {[%clk 1:24:42]} Qxb6 {[%clk 1:29:37]} 12. a4
{[%clk 1:25:05]} b4 {[%clk 1:26:04]} 13. a5 {[%clk 1:24:06]} Qc7 {[%clk 1:14:13]}
14. Na2 {[%clk 1:13:46]} Qxa5 {[%clk 1:09:26]} 15. Bd2 {[%clk 1:08:32]} Qb6
{[%clk 1:08:25]} 16. Nxb4 {[%clk 1:06:38]} Bg4 {[%clk 1:04:15]} 17. Qb1
{[%clk 0:52:21]} O-O {[%clk 1:01:24]} 18. O-O {[%clk 0:52:42]} Rfc8
{[%clk 1:01:17]} 19. Re1 {[%clk 0:52:25]} a5 {[%clk 0:53:54]} 20. Nd3
{[%clk 0:52:34]} Be6 {[%clk 0:54:17]} 21. b3 {[%clk 0:52:43]} Bd8
{[%clk 0:54:09]} 22. Ra2 {[%clk 0:39:46]} h6 {[%clk 0:47:04]} 23. h3
{[%clk 0:38:09]} Qc6 {[%clk 0:44:30]} 24. Qa1 {[%clk 0:32:14]} Bb6
{[%clk 0:38:56]} 25. Bxa5 {[%clk 0:28:34]} Bxa5 {[%clk 0:38:24]} 26. Rxa5
{[%clk 0:29:02]} Rxa5 {[%clk 0:38:34]} 27. Qxa5 {[%clk 0:29:30]} Qxc2
{[%clk 0:38:45]} 28. Rc1 {[%clk 0:23:24]} Qxd3 {[%clk 0:38:21]} 29. Rxc8+
{[%clk 0:23:48]} Bxc8 {[%clk 0:38:48]} 30. Qd8+ {[%clk 0:24:09]} Kh7
{[%clk 0:39:13]} 31. Qxc8 {[%clk 0:24:33]} Qxb3 {[%clk 0:37:24]} 32. Qf5+
{[%clk 0:24:36]} Kh8 {[%clk 0:37:12]} 33. Qc8+ {[%clk 0:24:55]} Ng8
{[%clk 0:36:12]} 34. Bf1 {[%clk 0:22:01]} Qe6 {[%clk 0:29:58]} 35. Qc7
{[%clk 0:15:19]} Qe7 {[%clk 0:28:57]} 36. Qc6 {[%clk 0:14:50]} g6
{[%clk 0:27:35]} 37. Kg2 {[%clk 0:12:56]} Kg7 {[%clk 0:27:35]} 38. Be2
{[%clk 0:12:19]} Nf6 {[%clk 0:27:17]} 39. Bf3 {[%clk 0:12:41]} Qd7
{[%clk 0:22:25]} 40. Qb6 {[%clk 0:13:01]} Ne8 {[%clk 0:19:00]} 41. Bg4
{[%clk 0:12:22]} Qc7 {[%clk 0:18:25]} 42. Qb5 {[%clk 0:12:05]} Nf6
{[%clk 0:17:55]} 43. Bf3 {[%clk 0:12:20]} Qc2 {[%clk 0:15:36]} 44. Qb4
{[%clk 0:03:34]} d5 {[%clk 0:14:12]} 45. exd5 {[%clk 0:03:17]} e4
{[%clk 0:12:27]} 46. Bg4 {[%clk 0:03:45]} h5 {[%clk 0:11:00]} 47. Be6
{[%clk 0:04:03]} e3 {[%clk 0:11:21]} 0-1

[Event "Scandicserien-2015/16"]
[Site "Oslo"]
[Date "2016.03.06"]
[Round "9.14"]
[White "Predojevic, Borki"]
[Black "Agdestein, Simen"]
[Result "1/2-1/2"]
[BlackElo "2606"]
[WhiteElo "2631"]
[WhiteTeam "Vålerenga"]
[BlackTeam "OSS"]
[LiveChessVersion "1.4.6"]

1. e4 {[%clk 1:30:57]} e5 {[%clk 1:30:37]} 2. Nf3 {[%clk 1:31:09]} Nc6
{[%clk 1:30:59]} 3. Bb5 {[%clk 1:31:18]} a6 {[%clk 1:31:25]} 4. Ba4
{[%clk 1:31:35]} Nf6 {[%clk 1:31:47]} 5. O-O {[%clk 1:31:08]} Be7
{[%clk 1:32:09]} 6. Re1 {[%clk 1:30:44]} b5 {[%clk 1:32:22]} 7. Bb3
{[%clk 1:31:08]} d6 {[%clk 1:32:48]} 8. a4 {[%clk 1:31:15]} Bd7 {[%clk 1:27:15]}
9. c3 {[%clk 1:30:48]} O-O {[%clk 1:27:32]} 10. d4 {[%clk 1:31:13]} Re8
{[%clk 1:26:51]} 11. Ng5 {[%clk 1:15:25]} Rf8 {[%clk 1:27:08]} 12. Nf3
{[%clk 1:15:46]} Re8 {[%clk 1:27:07]} 13. Ng5 {[%clk 1:08:09]} Rf8
{[%clk 1:27:07]} 14. Nf3 {[%clk 1:07:57]} Re8 1/2-1/2

[Event "Scandicserien-2015/16"]
[Site "Oslo"]
[Date "2016.03.06"]
[Round "9.15"]
[White "Berg, Emanuel"]
[Black "Tari, Aryan"]
[Result "0-1"]
[BlackElo "2521"]
[WhiteElo "2568"]
[WhiteTeam "OSS"]
[BlackTeam "Vålerenga"]
[LiveChessVersion "1.4.6"]

1. e4 {[%clk 1:30:57]} e5 {[%clk 1:30:23]} 2. Nf3 {[%clk 1:28:04]} Nc6
{[%clk 1:30:34]} 3. Bb5 {[%clk 1:13:25]} a6 {[%clk 1:30:39]} 4. Ba4
{[%clk 1:13:47]} Nf6 {[%clk 1:30:58]} 5. O-O {[%clk 1:13:45]} Be7
{[%clk 1:31:18]} 6. d3 {[%clk 1:10:51]} d6 {[%clk 1:30:53]} 7. c3
{[%clk 1:06:22]} O-O {[%clk 1:30:58]} 8. Nbd2 {[%clk 1:05:00]} Re8
{[%clk 1:31:11]} 9. Re1 {[%clk 1:04:33]} Bf8 {[%clk 1:27:05]} 10. Nf1
{[%clk 1:02:23]} h6 {[%clk 1:25:51]} 11. Ng3 {[%clk 0:52:09]} b5 {[%clk 1:23:59]}
12. Bc2 {[%clk 0:50:45]} d5 {[%clk 1:23:50]} 13. h3 {[%clk 0:36:05]} d4
{[%clk 1:10:12]} 14. cxd4 {[%clk 0:28:40]} Nxd4 {[%clk 1:03:07]} 15. Be3
{[%clk 0:28:31]} c5 {[%clk 1:00:33]} 16. Nxd4 {[%clk 0:26:52]} cxd4
{[%clk 0:53:36]} 17. Bd2 {[%clk 0:26:12]} Be6 {[%clk 0:53:18]} 18. f4
{[%clk 0:20:48]} exf4 {[%clk 0:49:49]} 19. Bxf4 {[%clk 0:21:15]} Bd6
{[%clk 0:46:51]} 20. Qf3 {[%clk 0:13:24]} Bxf4 {[%clk 0:44:08]} 21. Qxf4
{[%clk 0:13:51]} Nd7 {[%clk 0:39:08]} 22. Ne2 {[%clk 0:08:44]} Nb8
{[%clk 0:39:06]} 23. Rec1 {[%clk 0:04:41]} Nc6 {[%clk 0:38:26]} 24. Bb3
{[%clk 0:04:38]} Qd7 {[%clk 0:26:20]} 25. Bxe6 {[%clk 0:04:00]} Qxe6
{[%clk 0:26:10]} 26. Rc5 {[%clk 0:02:38]} Ne5 {[%clk 0:25:35]} 27. Qg3
{[%clk 0:01:59]} Rad8 {[%clk 0:19:42]} 28. Rac1 {[%clk 0:01:59]} Kh7
{[%clk 0:17:15]} 29. b3 {[%clk 0:01:38]} Qg6 {[%clk 0:06:33]} 30. Qxg6+
{[%clk 0:01:46]} fxg6 {[%clk 0:06:18]} 31. Rd1 {[%clk 0:01:45]} g5
{[%clk 0:06:26]} 32. Kf2 {[%clk 0:01:11]} Rf8+ {[%clk 0:05:08]} 33. Ke1
{[%clk 0:00:56]} Ng6 {[%clk 0:05:29]} 34. Rd2 {[%clk 0:00:35]} Rf7
{[%clk 0:05:03]} 35. Ng3 {[%clk 0:00:32]} Nf4 {[%clk 0:04:27]} 36. Rc6
{[%clk 0:00:38]} Rdd7 {[%clk 0:01:18]} 37. Kd1 {[%clk 0:00:33]} Rf6
{[%clk 0:01:23]} 38. Rxf6 {[%clk 0:00:40]} gxf6 {[%clk 0:01:52]} 39. Nf5
{[%clk 0:00:47]} Rc7 {[%clk 0:02:22]} 40. g3 {[%clk 0:00:32]} Ne6
{[%clk 0:01:32]} 41. Rc2 {[%clk 0:17:41]} Rxc2 {[%clk 0:27:14]} 42. Kxc2
{[%clk 0:18:08]} h5 {[%clk 0:24:53]} 43. b4 {[%clk 0:14:21]} Kg8 {[%clk 0:17:40]}
44. Kb3 {[%clk 0:13:48]} Kf7 {[%clk 0:15:41]} 45. a4 {[%clk 0:13:47]} Kf8
{[%clk 0:15:21]} 46. Ka3 {[%clk 0:10:39]} Kg8 {[%clk 0:13:53]} 47. Nd6
{[%clk 0:07:08]} Nc7 {[%clk 0:14:11]} 48. Nf5 {[%clk 0:06:10]} Ne6
{[%clk 0:14:35]} 49. Ka2 {[%clk 0:06:19]} Kf8 {[%clk 0:06:15]} 50. Kb3
{[%clk 0:06:29]} Kg8 {[%clk 0:06:25]} 51. Nd6 {[%clk 0:06:19]} Nc7
{[%clk 0:06:48]} 52. Nf5 {[%clk 0:06:16]} Ne6 {[%clk 0:07:12]} 53. axb5
{[%clk 0:03:26]} axb5 {[%clk 0:07:40]} 54. Nd6 {[%clk 0:03:51]} Nc7
{[%clk 0:08:02]} 55. Nf5 {[%clk 0:04:10]} Ne6 {[%clk 0:08:27]} 56. Nd6
{[%clk 0:04:33]} Nc7 {[%clk 0:08:52]} 57. Nxb5 {[%clk 0:04:02]} Nxb5
{[%clk 0:09:20]} 58. Kc4 {[%clk 0:04:27]} Nd6+ {[%clk 0:03:00]} 59. Kxd4
{[%clk 0:03:57]} Kf7 {[%clk 0:03:00]} 60. Kd5 {[%clk 0:02:47]} Ke7
{[%clk 0:03:14]} 61. Kc6 {[%clk 0:01:48]} f5 {[%clk 0:02:34]} 62. e5
{[%clk 0:00:33]} Nf7 {[%clk 0:02:17]} 63. Kd5 {[%clk 0:00:57]} g4
{[%clk 0:02:35]} 64. hxg4 {[%clk 0:00:59]} hxg4 {[%clk 0:01:45]} 65. d4
{[%clk 0:00:31]} f4 {[%clk 0:02:00]} 66. Ke4 {[%clk 0:00:44]} f3 {[%clk 0:01:38]}
67. Ke3 {[%clk 0:01:13]} Ke6 {[%clk 0:01:51]} 68. b5 {[%clk 0:01:31]} Nxe5
{[%clk 0:00:48]} 69. dxe5 {[%clk 0:01:40]} Kxe5 {[%clk 0:01:17]} 70. Kd3
{[%clk 0:01:52]} Kd5 {[%clk 0:01:42]} 71. b6 {[%clk 0:02:17]} Kc6
{[%clk 0:02:10]} 72. Ke3 {[%clk 0:02:38]} Kxb6 {[%clk 0:02:37]} 73. Kd3
{[%clk 0:02:56]} Kc5 {[%clk 0:03:02]} 74. Ke3 {[%clk 0:03:22]} Kc4
{[%clk 0:03:30]} 75. Kf2 {[%clk 0:03:43]} Kd3 {[%clk 0:03:57]} 76. Kf1
{[%clk 0:04:07]} f2 {[%clk 0:03:49]} 77. Kxf2 {[%clk 0:04:25]} Kd2
{[%clk 0:04:16]} 78. Kf1 {[%clk 0:04:34]} Ke3 {[%clk 0:04:40]} 79. Kg2
{[%clk 0:04:51]} Ke2 {[%clk 0:05:07]} 80. Kg1 {[%clk 0:05:06]} Kf3
{[%clk 0:05:34]} 81. Kf1 {[%clk 0:04:56]} Kxg3 {[%clk 0:05:57]} 82. Kg1
{[%clk 0:05:23]} Kh3 {[%clk 0:06:21]} 0-1

[Event "Scandicserien-2015/16"]
[Site "Oslo"]
[Date "2016.03.06"]
[Round "9.16"]
[White "Holm, Kristian Stuvik"]
[Black "Gausel, Einar"]
[Result "1/2-1/2"]
[BlackElo "2479"]
[WhiteElo "2422"]
[WhiteTeam "Vålerenga"]
[BlackTeam "OSS"]
[LiveChessVersion "1.4.6"]

1. d4 {[%clk 1:30:56]} e6 {[%clk 1:29:25]} 2. c4 {[%clk 1:31:11]} Nf6
{[%clk 1:29:49]} 3. Nc3 {[%clk 1:29:48]} Bb4 {[%clk 1:30:01]} 4. Qc2
{[%clk 1:30:03]} O-O {[%clk 1:29:12]} 5. Nf3 {[%clk 1:30:22]} d6 {[%clk 1:28:17]}
6. Bd2 {[%clk 1:30:37]} Nbd7 {[%clk 1:22:13]} 7. a3 {[%clk 1:30:43]} Bxc3
{[%clk 1:22:38]} 8. Bxc3 {[%clk 1:31:07]} Qe7 {[%clk 1:22:13]} 9. e3
{[%clk 1:25:31]} b6 {[%clk 1:19:07]} 10. Be2 {[%clk 1:21:51]} Bb7
{[%clk 1:18:53]} 11. b4 {[%clk 1:20:10]} Ne4 {[%clk 1:11:05]} 12. Bb2
{[%clk 1:20:00]} f5 {[%clk 1:10:46]} 13. O-O {[%clk 1:18:43]} c5 {[%clk 1:00:04]}
14. dxc5 {[%clk 1:13:37]} bxc5 {[%clk 1:00:19]} 15. Rfd1 {[%clk 1:08:15]} e5
{[%clk 0:56:30]} 16. Ne1 {[%clk 0:54:56]} Qh4 {[%clk 0:50:04]} 17. Bf1
{[%clk 0:49:20]} Qh6 {[%clk 0:44:48]} 18. Qe2 {[%clk 0:35:12]} Rae8
{[%clk 0:37:55]} 19. f3 {[%clk 0:24:03]} Ng5 {[%clk 0:38:19]} 20. Qf2
{[%clk 0:23:58]} Re6 {[%clk 0:35:18]} 21. h4 {[%clk 0:15:07]} Nf7
{[%clk 0:34:54]} 22. Nd3 {[%clk 0:15:34]} g5 {[%clk 0:30:01]} 23. Nxc5
{[%clk 0:14:46]} Nxc5 {[%clk 0:29:27]} 24. bxc5 {[%clk 0:15:11]} dxc5
{[%clk 0:28:55]} 25. Rd7 {[%clk 0:11:17]} Bc6 {[%clk 0:29:07]} 26. Rxa7
{[%clk 0:11:42]} gxh4 {[%clk 0:29:26]} 27. Bd3 {[%clk 0:07:50]} Ng5
{[%clk 0:23:30]} 28. f4 {[%clk 0:05:34]} Ne4 {[%clk 0:21:45]} 29. Bxe4
{[%clk 0:03:31]} Bxe4 {[%clk 0:22:10]} 30. Bxe5 {[%clk 0:03:59]} Rg6
{[%clk 0:22:02]} 31. Rd1 {[%clk 0:03:47]} Bc6 {[%clk 0:17:49]} 32. e4
{[%clk 0:03:11]} Qh5 {[%clk 0:17:33]} 33. Rd6 {[%clk 0:03:06]} Rf7
{[%clk 0:14:12]} 34. Rd8+ {[%clk 0:02:27]} Rf8 {[%clk 0:14:36]} 35. Rxf8+
{[%clk 0:01:50]} Kxf8 {[%clk 0:15:01]} 36. Qxc5+ {[%clk 0:02:18]} Kg8
{[%clk 0:14:50]} 37. Ra8+ {[%clk 0:00:35]} Bxa8 {[%clk 0:15:09]} 38. Qc8+
{[%clk 0:01:03]} Kf7 {[%clk 0:15:30]} 39. Qc7+ {[%clk 0:00:45]} Ke8
{[%clk 0:14:08]} 40. Qc8+ {[%clk 0:01:01]} Ke7 {[%clk 0:14:12]} 41. Qc7+
{[%clk 0:01:25]} Ke8 {[%clk 0:14:34]} 42. Qc8+ {[%clk 0:24:01]} 1/2-1/2

[Event "Scandicserien-2015/16"]
[Site "Oslo"]
[Date "2016.03.06"]
[Round "9.17"]
[White "Hauge, Lars Oskar"]
[Black "Christiansen, Johan-Sebastian"]
[Result "1/2-1/2"]
[BlackElo "2391"]
[WhiteElo "2400"]
[WhiteTeam "OSS"]
[BlackTeam "Vålerenga"]
[LiveChessVersion "1.4.6"]

1. e4 {[%clk 1:30:33]} e6 {[%clk 1:30:53]} 2. d3 {[%clk 1:30:10]} c5
{[%clk 1:31:18]} 3. Nf3 {[%clk 1:30:34]} Nc6 {[%clk 1:31:40]} 4. g3
{[%clk 1:30:59]} g6 {[%clk 1:31:55]} 5. Bg5 {[%clk 1:31:04]} Qb6 {[%clk 1:26:12]}
6. Nbd2 {[%clk 1:31:24]} Bg7 {[%clk 1:19:07]} 7. Nc4 {[%clk 1:31:07]} Qc7
{[%clk 1:19:33]} 8. a4 {[%clk 1:31:09]} Nge7 {[%clk 1:14:08]} 9. Bg2
{[%clk 1:30:12]} O-O {[%clk 1:07:40]} 10. O-O {[%clk 1:26:30]} d5
{[%clk 0:49:19]} 11. exd5 {[%clk 1:26:54]} exd5 {[%clk 0:49:22]} 12. Bf4
{[%clk 1:24:44]} Qd8 {[%clk 0:48:26]} 13. Nce5 {[%clk 1:21:13]} Qb6
{[%clk 0:43:45]} 14. Rb1 {[%clk 1:17:23]} Nd8 {[%clk 0:35:01]} 15. h3
{[%clk 0:57:15]} h5 {[%clk 0:21:27]} 16. d4 {[%clk 0:56:55]} cxd4
{[%clk 0:20:55]} 17. Nxd4 {[%clk 0:56:56]} Ne6 {[%clk 0:13:06]} 18. Nxe6
{[%clk 0:55:04]} Bxe6 {[%clk 0:13:28]} 19. Nf3 {[%clk 0:51:37]} Rac8
{[%clk 0:11:03]} 20. c3 {[%clk 0:45:19]} Bf5 {[%clk 0:10:16]} 21. Be3
{[%clk 0:45:38]} Qa6 {[%clk 0:05:47]} 22. Ra1 {[%clk 0:45:48]} Bd3
{[%clk 0:05:45]} 23. Re1 {[%clk 0:45:53]} Nf5 {[%clk 0:05:37]} 24. Bf4
{[%clk 0:25:39]} d4 {[%clk 0:05:53]} 25. cxd4 {[%clk 0:26:03]} Nxd4
{[%clk 0:04:54]} 26. Nxd4 {[%clk 0:26:27]} Bxd4 {[%clk 0:05:16]} 27. Ra3
{[%clk 0:26:50]} Bxf2+ {[%clk 0:00:40]} 28. Kxf2 {[%clk 0:27:19]} Rc2+
{[%clk 0:01:04]} 29. Kg1 {[%clk 0:22:25]} Qb6+ {[%clk 0:01:34]} 30. Kh1
{[%clk 0:22:18]} Rxg2 {[%clk 0:00:35]} 31. Rxd3 {[%clk 0:21:44]} Rxb2
{[%clk 0:00:32]} 32. Qf3 {[%clk 0:19:27]} Rc8 {[%clk 0:00:32]} 33. Rd2
{[%clk 0:13:53]} Qb4 {[%clk 0:00:33]} 34. Rxb2 {[%clk 0:13:01]} Qxb2
{[%clk 0:00:38]} 35. Re2 {[%clk 0:13:12]} Qa1+ {[%clk 0:00:34]} 36. Kg2
{[%clk 0:13:30]} Qxa4 {[%clk 0:00:48]} 37. Qxb7 {[%clk 0:12:43]} Rc2
{[%clk 0:01:12]} 38. Rxc2 {[%clk 0:10:51]} Qxc2+ {[%clk 0:01:38]} 39. Kg1
{[%clk 0:09:06]} g5 {[%clk 0:00:32]} 40. Be3 {[%clk 0:08:19]} h4 {[%clk 0:00:32]}
41. Qa8+ {[%clk 0:05:49]} Kh7 {[%clk 0:00:33]} 42. Qf3 {[%clk 0:06:09]} Qg6
{[%clk 0:28:57]} 43. Qg4 {[%clk 0:31:17]} Qb1+ {[%clk 0:24:02]} 44. Kg2
{[%clk 0:31:23]} Qc2+ {[%clk 0:21:17]} 45. Bf2 {[%clk 0:31:04]} Qc6+
{[%clk 0:21:36]} 46. Qf3 {[%clk 0:31:22]} Qg6 {[%clk 0:21:46]} 47. Bxa7
{[%clk 0:30:19]} hxg3 {[%clk 0:21:54]} 48. Qxg3 {[%clk 0:29:29]} Qc2+
{[%clk 0:20:51]} 49. Bf2 {[%clk 0:29:13]} Kg6 {[%clk 0:19:42]} 50. Qd6+
{[%clk 0:29:52]} f6 {[%clk 0:18:56]} 51. Qe6 {[%clk 0:30:13]} Kg7
{[%clk 0:18:30]} 52. Qd7+ {[%clk 0:30:01]} Kg6 {[%clk 0:18:44]} 53. Kf3
{[%clk 0:30:12]} f5 {[%clk 0:12:54]} 54. Qe8+ {[%clk 0:30:09]} Kh6
{[%clk 0:13:07]} 55. Qe6+ {[%clk 0:30:14]} Kh5 {[%clk 0:13:03]} 56. Qf7+
{[%clk 0:29:24]} Kh6 {[%clk 0:13:27]} 57. Qf6+ {[%clk 0:27:57]} Kh5
{[%clk 0:13:46]} 58. Kg3 {[%clk 0:24:47]} Qc7+ {[%clk 0:11:22]} 59. Kg2
{[%clk 0:25:04]} Qb7+ {[%clk 0:11:29]} 60. Kh2 {[%clk 0:24:06]} Qf3
{[%clk 0:07:14]} 61. Qd4 {[%clk 0:20:57]} Qe2 {[%clk 0:04:32]} 62. Kg1
{[%clk 0:21:03]} Kg6 {[%clk 0:03:55]} 63. Qd6+ {[%clk 0:20:35]} Kh5
{[%clk 0:04:21]} 64. Qd7 {[%clk 0:20:56]} Kg6 {[%clk 0:04:20]} 65. Qc6+
{[%clk 0:21:03]} Kh5 {[%clk 0:04:39]} 66. Qd5 {[%clk 0:21:29]} Kg6
{[%clk 0:04:38]} 67. Kg2 {[%clk 0:21:48]} Qe8 {[%clk 0:04:07]} 68. Kf1
{[%clk 0:21:11]} Qc8 {[%clk 0:02:42]} 69. Bc5 {[%clk 0:20:47]} f4
{[%clk 0:01:37]} 70. Ke2 {[%clk 0:17:38]} Qxh3 {[%clk 0:00:35]} 71. Qg8+
{[%clk 0:12:45]} Kh5 {[%clk 0:01:04]} 72. Qh7+ {[%clk 0:10:21]} Kg4
{[%clk 0:01:33]} 73. Qd7+ {[%clk 0:10:37]} Kg3 {[%clk 0:01:55]} 74. Bf2+
{[%clk 0:10:30]} Kg2 {[%clk 0:02:09]} 75. Qxh3+ {[%clk 0:10:39]} 1/2-1/2